| 000 | 00656nam a2200241Ia 4500 | ||
|---|---|---|---|
| 003 | OSt | ||
| 005 | 20220924113126.0 | ||
| 006 | a|||||r|||| 00| 0 | ||
| 007 | ta | ||
| 008 | 220923b |||||||| |||| 00| 0 eng d | ||
| 024 | _a60938 | ||
| 037 | _cDictionary | ||
| 040 |
_aARTS _cARTS _beng |
||
| 041 |
_2eng _aeng |
||
| 082 | _aP41:4k, 111L8 | ||
| 100 |
_aGiles H A _979672 |
||
| 245 | 0 |
_aGlossary of reference _b On suibject connected with the far East |
|
| 260 |
_aN _bDelhi Cosmo _c1o97 |
||
| 300 |
_a328p. _ccm. |
||
| 650 | _aLINGUISTICS | ||
| 942 |
_hP41:4k, 111L8 _cdic _2cc |
||
| 999 |
_c389305 _d389305 |
||